Introducing Planning (Record no. 5596)

000 -LEADER
fixed length control field 00251nam a2200109Ia 4500
008 - FIXED-LENGTH DATA ELEMENTS--GENERAL INFORMATION
fixed length control field 200302s9999 xx 000 0 und d
100 ## - MAIN ENTRY--PERSONAL NAME
Personal name Clara Greed
245 ## - TITLE STATEMENT
Title Introducing Planning
260 ## - PUBLICATION, DISTRIBUTION, ETC.
Name of publisher, distributor, etc. The Athlone Press
260 ## - PUBLICATION, DISTRIBUTION, ETC.
Date of publication, distribution, etc. 2000
300 ## - PHYSICAL DESCRIPTION
Extent 290 P.,
Holdings
Withdrawn status Lost status Damaged status Not for loan Permanent Location Current Location Date acquired Cost, normal purchase price Full call number Barcode Date last seen Price effective from Koha item type Source of classification or shelving scheme Shelving location
        BMS College of Architecture, Design and Planning BMS College of Architecture, Design and Planning 2020-03-03 1690.10 307.1216 CL-PG44740 2020-03-03 2020-03-03 PG Books from CL    
        BMS College of Architecture, Design and Planning BMS College of Architecture, Design and Planning 2025-12-25   307.1216 AR-UG4949 2026-02-10 2026-02-10 B.PLAN   General Stacks
Copyright © 2025, The Librarian, Library and Information Centre, BMSCA D&P, Bengaluru. All Rights Reserved
web counter

Powered by Koha